00986nab a22002057a 4500999001500000003000400015005001700019008004100036040000700077100003200084245007200116300001500188500003600203505022700239505008200466650002800548650003500576773015600611942001300767 c6072d6072OSt20260121011827.0190514b xxu||||| |||| 00| 0 spa d cPJ 96847aVallejos, Cecilia I. 13aEl rompecabezas de armar soluciones justas /cCecilia I. Vallejos.  ap. 191-198 aCita: TR LALEY AR/DOC/984/2024. aSumario: I. El caso.— II. Primeras impresiones.— III. Retomando viejas cuestiones: la privación de la responsabilidad parental y la tutela.— IV. Aplicación analógica o juez legislador. Una tensión constante.  tFallo comentado: JFlia, Río Gallegos Nº 2 ~ 28/09/2023 ~ F. O. s/ tutela. 09967aDERECHO DE FAMILIA 091057aJURISPRUDENCIA APLICABLE0 0284493222dBuenos Aires : AbeledoPerrot, 1989-tDerecho de familia. Revista Interdisciplinaria de doctrina y jurisprudencia. Junio 2024-III.z18511201 2udccANA